ACAYİP YARIŞMALAR DİYARI (Record no. 803617)

MARC details
000 -LEADER
sabit uzunluktaki kontrol alanı 00249nam a2200097Ia 4500
001 - KONTROL NUMARASI
kontrol alanı 803617
005 - EN SON İŞLEMİN TARİH VE ZAMANI
kontrol alanı 20250826171118.0
008 - SABİT-UZUNLUKTA VERİ ÖĞELERİ--GENEL BİLGİ
sabit uzunluktaki kontrol alanı 250824s9999 xx 000 0 und d
245 #0 - ESER / YAZAR
ESER ADI ACAYİP YARIŞMALAR DİYARI
Yazar Adı NAZLI ASPAY SENER
260 ## - YAYIN, DAĞITIM, VB.
YAYIN EVİ GENÇ HAYAT
Holdings
Düşüm durumu Kayıp durumu Hasar Durumu Ödünç verilmez Ana kütüphane Geçerli Kütüphane Edinilen tarih Toplam ödünç verme sayısı Barkod Son görüntüleme tarihi Son ödünç verme tarihi Fiyatın geçerli olmaya başladığı tarih Koha materyal türü
        ŞÜKRİYE ONSUN İLKOKULU ŞÜKRİYE ONSUN İLKOKULU 24.08.2025 1 10154040 27.10.2025 20.10.2025 26.08.2025 Books